El comercio exterior argentino y el intercambio con España (Record no. 171829)

MARC details
000 -LEADER
campo de control de longitud fija 00490nam a22001455i 4500
001 - NÚMERO DE CONTROL
campo de control 171829
003 - IDENTIFICADOR DE NÚMERO DE CONTROL
campo de control ES-MaACL
005 - FECHA Y HORA DE LA ÚLTIMA TRANSACCIÓN
campo de control 20230906214736.0
008 - DATOS DE LONGITUD FIJA--INFORMACIÓN GENERAL
campo de control de longitud fija 090602s1917 sp |||| | spa d
100 1# - ENTRADA PRINCIPAL--NOMBRE DE PERSONA
Nombre de persona Solórzano Acosta, J.
9 (RLIN) 140451
245 13 - MENCIÓN DEL TÍTULO
Título El comercio exterior argentino y el intercambio con España
Resto del título : estudio estadístico 1916 /
Mención de responsabilidad, etc. J. Solórzano Acosta.
260 ## - PUBLICACIÓN, DISTRIBUCIÓN, ETC.
Lugar de publicación, distribución, etc. Madrid :
Nombre del editor, distribuidor, etc. [s.n.],
Fecha de publicación, distribución, etc. 1917 (
Fabricante Imp. Excelsior)
852 ## - LOCALIZACIÓN
Ubicación ES-MaACL
Número de control de estantería 1559-F-21
852 ## - LOCALIZACIÓN
Ubicación ES-MaACL
Número de control de estantería 1494-F-14
Holdings
Estatus retirado Estado de pérdida Estado de daño No para préstamo Colección Biblioteca de origen Biblioteca actual Ubicación en estantería Fecha de adquisición Fuente de adquisición Total de préstamos Signatura topográfica completa Código de barras Visto por última vez Precio de reemplazo Tipo de ítem Koha
        Colección de folletos Biblioteca del Ateneo de Madrid Biblioteca del Ateneo de Madrid Depósito folletos 02/06/2009     1494-F-14 1180331 23/02/2023 23/02/2023 Folleto
        Colección de folletos Biblioteca del Ateneo de Madrid Biblioteca del Ateneo de Madrid Depósito folletos 02/06/2009     1559-F-21 1180330 23/02/2023 23/02/2023 Folleto